| 000 | 00508nam a2200133Ia 4500 | ||
|---|---|---|---|
| 008 | 150609s9999 xx 000 0 und d | ||
| 050 |
_aHD 57.7 _b.P474 2015 |
||
| 100 | _aPerez, Angelique Marie B. | ||
| 245 |
_aPreferred factors leadership skills utilized by the organization / _cAngelique Marie B. Perez . |
||
| 260 |
_aLas PiƱas, Philippines : _bSISC, _c2015. |
||
| 300 |
_a140 pages : _billustrations ; _c28 cm. |
||
| 500 | _aIncludes bibliographical references and appendices. | ||
| 650 | _aLeadership | ||
| 999 |
_c285021 _d285021 |
||